000 00564cam a22002291 4500
001 sa 68014870
003 DLC
005 20260227112636.0
008 890705s1966 ii a 000 0 hino
010 _asa 68014870
035 _a(OCoLC)19963544
040 _aDLC
_cWaU
_dDLC
042 _apremarc
043 _aa-ii---
050 0 0 _aQL309
_b.S45
100 1 _aSharma, Shri Ram,
_d1892-1967.
245 1 0 _aBhārata ke vanya paśu.
260 _c[1966]
300 _a246 p.
_billus. (part col.)
_c25 cm.
500 _aIn Hindi.
650 0 _aZoology
_zIndia.
999 _c86077
_d86077